000 01279pam a2200313 a 4500
001 4978989
005 20170105102840.0
008 980220r19981995nyua b 001 0 eng
010 _a 98013082
020 _a9780195122060 (pbk. : alk. paper)
020 _a0195122062 (pbk. : alk. paper)
040 _aDLC
_cDLC
_dDLC
043 _an-us---
050 0 0 _aPN4784.W37
_bL36 1998
082 0 0 _a070.4/333/0973
_221
100 1 _aLande, Nathaniel.
245 1 0 _aDispatches from the Front /
_cNathaniel Lande.
260 _aNew York :
_bOxford University Press,
_c1998.
300 _axiii, 416 p. :
_bill. ;
_c24 cm.
500 _aOriginally published: New York : H. Holt, 1995.
504 _aIncludes bibliographical references (p. 389-399) and index.
650 0 _aWar
_xPress coverage
_zUnited States.
650 0 _aWar correspondents
_zUnited States.
856 4 2 _3Publisher description
_uhttp://www.loc.gov/catdir/enhancements/fy0604/98013082-d.html
856 4 2 _3Contributor biographical information
_uhttp://www.loc.gov/catdir/enhancements/fy0725/98013082-b.html
906 _a7
_bcbc
_corignew
_d1
_eocip
_f19
_gy-gencatlg
942 _2ddc
_cBK
999 _c13830
_d13830